Hetalia Character #3 - Statistics

General Stats
  • This quiz has been taken 540 times
  • The average score is 10 of 15
Answer Stats
Hint Answer % Correct
"Marriage,marriage,marriage,marriage," Belarus
94%
"I'll use the "Poland Rule"!It will be my turn forever!!!" Poland
92%
"If I do this they'll definetly accept me as a country!" Sealand
90%
"Bye Russia-chan!We'll see each other some day!" Ukraine
86%
"What's with this "Poland Rule"?!It's just pulling out all the pawns!!!" Lithuania
85%
"Big brother,big brother,big brother,big brother," Norway
84%
"Absoluetly not saying it," Iceland
81%
"Moi,moi!" Finland
80%
"Hey,how about calling me "big brother"?" Denmark
78%
"You two,you're coming home with me," Sweden
78%
"Aaaah!!!I'm stretching!!!!!" Latvia
67%
"I'm gonna go make tea now," Estonia
62%
"Can you talk about something else other than girls and fighting?" Germania
32%
"Be quite teacher!You'll make all the flowers dead!" Taiwan
27%
"(Grumble,grumble)" Egypt
9%
No matching quizzes found
Score Distribution
Percent of People with Each Score
Percentile by Number Answered
Your Score History
You have not taken this quiz